000 00525nam a22002177a 4500
999 _c9583
_d9583
001 9583
003 BD-JhCC
005 20180319200117.0
008 180319s1967 U p|||| |||| 00| 0 eng d
035 _a(BD-JhCC) 9583
040 _aBD-JhCC
_dBD-JhCC
041 _aeng
082 _a925
_bOLB 1967
100 _aOlby, Robett
245 _aCharles Darwin /
_cRobett Olby
260 _aLondon :
_bOxford University Press
_c1967
300 _a64 P :
_bIll
_c20 cm
650 _aBiography
942 _2ddc
_cBK